Essential cell biology (Record no. 394105)

MARC details
000 -LEADER
fixed length control field 00469 a2200193 4500
005 - DATE & TIME
control field 20260121163444.0
008 - FIXED-LENGTH DATA ELEMENTS--GENERAL INFORMATION
fixed length control field 260121b |||||||| |||| 00| 0 eng d
020 ## - ISBN
International Standard Book Number 9798898486105
Price $ 150.00
040 ## - CATALOGING SOURCE
Original cataloging agency VIVEKANANDA LIBRARY
082 ## - DDC NUMBER
Classification number 571.6
Book Number M691E
100 ## - MAIN ENTRY--PERSONAL NAME
Personal name Mistry, Patton
245 ## - TITLE STATEMENT
Title Essential cell biology
260 ## - PUBLICATION, DISTRIBUTION, ETC. (IMPRINT)
Name of publisher, distributor, etc Cell Publishing
Date of publication, distribution, etc 2026
Place of publication, distribution, etc Wyoming
300 ## - PHYSICAL DESCRIPTION
Pages 140
650 ## - Subject
Subject Biology
650 ## - Subject
Subject Cell Biology
650 ## - Subject
Subject Cell Culture
942 ## - ADDED ENTRY ELEMENTS (KOHA)
Koha item type Books
Holdings
Withdrawn status Lost status Source of classification or shelving scheme Damaged status Not for loan Location (home branch) Sublocation or collection (holding branch) Shelving location Date acquired Koha issues (times borrowed) Koha full call number Accession No. Koha date last seen Koha item type
    Dewey Decimal Classification     VIVEKANANDA LIBRARY VIVEKANANDA LIBRARY Vivekananda Library 05/01/2026   571.6 M691E 444198 05/01/2026 Books
© Designed and Maintained by Vivekananda Library, MDU Rohtak